Language Quiz

Random Language Quiz

Most Commonly Used English Words Starting with O Quiz Stats

Quiz not verified by Sporcle

Also try: Which Language? VI
Challenge
Share
Tweet
Embed
Score 0/20 Timer 05:00
0 Plays Today
Rank Word % Correct
4Of
100%
14On
97.1%
31Or
94.3%
78Over
91.4%
182Off
85.7%
43Out
82.9%
137Old
82.9%
86Our
68.6%
238Open
65.7%
249Often
65.7%
Rank Word % Correct
70Other
62.9%
207Own
60%
75Only
57.1%
35One
54.3%
326Order
54.3%
412Oh
54.3%
487Oil
45.7%
269Once
42.9%
481Object
22.9%
432Ocean
17.1%

You're not logged in!

Compare scores with friends on all Sporcle quizzes.
Sign Up with Email
OR
Log In

You Might Also Like...

Show Comments

Extras

Top Quizzes Today


Score Distribution

Your Account Isn't Verified!

In order to create a playlist on Sporcle, you need to verify the email address you used during registration. Go to your Sporcle Settings to finish the process.